Central Library OPAC University of Rajshahi

Sagarika : (Record no. 38167)

MARC details
000 -LEADER
fixed length control field 00836njcaa2200241 a 4500
001 - CONTROL NUMBER
control field 38167
003 - CONTROL NUMBER IDENTIFIER
rucl marc code (BD-RjUL)
005 - DATE AND TIME OF LATEST TRANSACTION
control field 20211209052736.0
008 - FIXED-LENGTH DATA ELEMENTS--GENERAL INFORMATION
fixed length control field 150920b2009 ii |||dgs|||| 00| 0 eng d
035 ## - SYSTEM CONTROL NUMBER
System control number (BD-RjUL)38272
040 ## - CATALOGING SOURCE
Original cataloging agency BD-RjUL
Language of cataloging eng
082 ## - DEWEY DECIMAL CLASSIFICATION NUMBER
Edition number 22
Classification number 782.6
Author mark and year CHA
100 ## - MAIN ENTRY--PERSONAL NAME
Personal name Chakraborty, Pandit Manas.
9 (RLIN) 118083
245 ## - TITLE STATEMENT
Title Sagarika :
Remainder of title Selection/
Statement of responsibility, etc. Pandit Manas Chakraborty
Medium [sound recording]
Name of part/section of a work Raaga: Darbari Kanada
260 ## - PUBLICATION, DISTRIBUTION, ETC. (IMPRINT)
Place of publication, distribution, etc. Mumbai :
Name of publisher, distributor, etc. Sagarika Music Pvt. Ltd.,
Date of publication, distribution, etc. c & p2009.
300 ## - PHYSICAL DESCRIPTION
Pagination 1 sound disc.
Illustrations digital
Size 4 3/4 in.
500 ## - GENERAL NOTE
General note Compact disc.
600 ## - SUBJECT ADDED ENTRY--PERSONAL NAME
Personal name Chakraborty, Pandit Manas.
Geographic subdivision India
650 ## - SUBJECT ADDED ENTRY--TOPICAL TERM
Topical term or geographic name as entry element Raaga
Geographic subdivision India
9 (RLIN) 118085
Topical term or geographic name as entry element Darbari Kanada
Geographic subdivision India
9 (RLIN) 118086
942 ## - ADDED ENTRY ELEMENTS (KOHA)
Source of classification or shelving scheme Dewey Decimal Classification
Koha item type Audio Visual (AV) Materials
Holdings
Lost status Source of classification or shelving scheme Damaged status Not for loan Permanent Location Current Location Shelving location Date acquired Cost, normal purchase price Total Checkouts Full call number Date last seen Copy number Koha item type
  Dewey Decimal Classification   Not For Loan Central Library, University of Rajshahi Central Library, University of Rajshahi Audio Visual Section 20/09/2015 250.00   AV 782.6 CHA 20/09/2015 C.1 Audio Visual (AV) Materials